000
00298nam a2200121Ia 4500
008
191201s2012 xx 000 0 und d
100
_a
KHURANA, Rohit
245
0
_a
Data and file structure
250
_a
2nd
260
_c
2012
_b
Vikas Publication House
_a
NEW DELHI
300
_a
392
942
_2
ddc
_c
BK
999
_c
7825
_d
7825